| 000 | 00565nam a2200181Ia 4500 | ||
|---|---|---|---|
| 003 | IN-BaIIA | ||
| 008 | 211028s9999 xx 000 0 eng d | ||
| 040 | _cIIA Library | ||
| 080 |
_a083:621.38 _bPHI-70 |
||
| 100 |
_aPhilips _910332 |
||
| 245 | 0 |
_aCatalogue 1970 Test and Measuring Instruments _cPhilips |
|
| 260 |
_aHoland _bPhilips _c1970 |
||
| 300 | _a200p. | ||
| 650 |
_aCatalogue-Measuring Instruments _910333 |
||
| 650 |
_aMeasuring Instruments Catalogue _910334 |
||
| 650 | _aNASA Thesaurus | ||
| 942 | _cBK | ||
| 999 |
_c5958 _d5958 |
||